000 03375nam a22003857a 4500
005 20101206113148.0
008 101206t xxu||||| |||| 00| 0 hin d
010 _aHIN-93224 B-480218-223
020 _c750.00
_a9788171247257
035 _aHN-65570 B-480218-223
037 _bDBAD/PUB
037 _bविर्चुअस पब्लिकेशंस
040 _aDPL
_bHN
082 _a954.012
100 _924598
_aगुप्त, परमेश्वरीलाल
245 _aगुप्त-साम्राज्यः
_bराजनीतिक, सांस्कृतिक तथा सामाजिक इतिहास /
_cपरमेश्वरीलाल गुप्त
246 _aGupta Samrajya
_bby P.L.Gupta
250 _a3रा परि.एवं संशो.संस्क.
260 _aवाराणसी
_bविश्वविद्यालय प्रकाशन
_c2011
270 _bवाराणसी
_aपो.बॉ 1149, विशालाक्षी भवन, चौक
_e221001
_k0542- 2413741
_msales@vvpbooks.com
300 _axix,688पृ.
_c22सेमी (सजिल्द)
650 _91169
650 _929580
700 _924599
700 _924924
942 _2ddc
_cHN
_mगुप्तप
_h954.012
999 _c53931
_d53931